Countries of South America by last three Letters - Statistics

General Stats
  • This quiz has been taken 57 times
  • The average score is 12 of 12
Answer Stats
Country % Correct
Argentina
100%
Peru
100%
Bolivia
98%
Columbia
98%
Paraguay
98%
Uruguay
98%
Brazil
96%
Chile
96%
Guyana
96%
Venezuela
96%
Ecuador
93%
Suriname
93%
No matching quizzes found
Score Distribution
Percent of People with Each Score
Percentile by Number Answered
Your Score History
You have not taken this quiz